00910cam a22002651 4500001001300000003000400013005001700017008004100034010001700075035001900092040002000111042001200131050002200143100002200165245008200187260005100269300005000320490004900370500004900419504002800468650004400496740003500540810005200575999001700627gs 64000329 DLC20260227111415.0760622s1964 xx 000 0 eng  ags 64000329  a(OCoLC)2272951 aDLCcMeU-PdDLC apremarc00aQE171b.A3 no. 251 aZen, E-an,d1928-10aStratigraphy and structure of a portion of the Castleton quadrangle, Vermont. aMontpelier,bVermont Development Dept.,c1964. a70 p.bmaps (1 col.) diagrs. (1 col.)c23 cm.1 aVermont. Geological Survey. Bulletinvno. 25 aPart of illustrative matter fold. in pocket. aBibliography: p. 68-70. 0aGeologyzVermontzCastleton quadrangle.0 aCastleton quadrangle, Vermont.1 aVermont.bState Geologist.tBulletin ;vno. 25. c29898d29898